La terre et l'evolution humaine (Record no. 61949)

MARC details
000 -LEADER
campo de control de longitud fija 00587nam a2200169 i 4500
001 - NÚMERO DE CONTROL
campo de control 61949
003 - IDENTIFICADOR DE NÚMERO DE CONTROL
campo de control ES-MaACL
007 - CAMPO FIJO DE DESCRIPCIÓN FÍSICA--INFORMACIÓN GENERAL
campo de control de longitud fija t|
008 - DATOS DE LONGITUD FIJA--INFORMACIÓN GENERAL
campo de control de longitud fija 031114s1922 fr ||||1| fre d
100 1# - ENTRADA PRINCIPAL--NOMBRE DE PERSONA
Nombre de persona Febvre, Lucien,
Fechas asociadas al nombre 1878-1956
9 (RLIN) 49047
245 13 - MENCIÓN DEL TÍTULO
Título La terre et l'evolution humaine
Resto del título : introduction géographique a l'histoire /
Mención de responsabilidad, etc. par Lucien Febvre ; avec le coneours de Lionel Bataillon.
260 ## - PUBLICACIÓN, DISTRIBUCIÓN, ETC.
Lugar de publicación, distribución, etc. Paris :
Nombre del editor, distribuidor, etc. [s.n.,
Fecha de publicación, distribución, etc. 1922] (
Lugar de fabricación/manufactura Corbeil :
Fabricante Crété)
300 ## - DESCRIPCIÓN FÍSICA
Extensión XXVI, 471 p. ;
Dimensiones 21 cm.
700 1# - ENTRADA AGREGADA--NOMBRE PERSONAL
Nombre de persona Bataillon, Lionel.
9 (RLIN) 26394
852 ## - LOCALIZACIÓN
Ubicación ES-MaACL
Número de control de estantería B-3108
Holdings
Estatus retirado Estado de pérdida Estado de daño No para préstamo Biblioteca de origen Biblioteca actual Ubicación en estantería Fecha de adquisición Fuente de adquisición Total de préstamos Signatura topográfica completa Código de barras Visto por última vez Precio de reemplazo Tipo de ítem Koha
        Biblioteca del Ateneo de Madrid Biblioteca del Ateneo de Madrid Sala Pardo Bazán 17/01/2008     B-3108 1064951 23/02/2023 23/02/2023 Libro impreso